000
00309nam a2200133Ia 4500
005
20260328104342.0
008
260328s9999||||xx |||||||||||||| ||und||
100
_a
Penela, Alfonso
245
0
_a
Enor /
_c
Alfonso Penela
260
_b
Grupo San Jose
300
_a
111 p.
650
_a
ARQUITECTOS
942
_c
BK
999
_c
12172
_d
12172